<?xml version="1.0" encoding="UTF-8"?>
<record
    xmlns:xsi="http://www.w3.org/2001/XMLSchema-instance"
    xsi:schemaLocation="http://www.loc.gov/MARC21/slim http://www.loc.gov/standards/marcxml/schema/MARC21slim.xsd"
    xmlns="http://www.loc.gov/MARC21/slim">

  <leader>00442nam a2200169 a 4500</leader>
  <datafield tag="020" ind1=" " ind2=" ">
    <subfield code="a">2852062232</subfield>
  </datafield>
  <datafield tag="040" ind1=" " ind2=" ">
    <subfield code="c">DLC</subfield>
  </datafield>
  <datafield tag="082" ind1=" " ind2=" ">
    <subfield code="a">660 TEC 1984 A046 Or.</subfield>
  </datafield>
  <datafield tag="245" ind1="0" ind2="0">
    <subfield code="a">Biotechnologie /</subfield>
  </datafield>
  <datafield tag="250" ind1=" " ind2=" ">
    <subfield code="a">2&#xE8;me &#xE9;d. rev. et augm.</subfield>
  </datafield>
  <datafield tag="260" ind1=" " ind2=" ">
    <subfield code="a">Paris :</subfield>
    <subfield code="b">Technique &amp; documentation-Lavoisier,</subfield>
    <subfield code="c">1984.</subfield>
  </datafield>
  <datafield tag="300" ind1=" " ind2=" ">
    <subfield code="a">xxv, 662 p. :</subfield>
    <subfield code="b">ill. ;</subfield>
    <subfield code="c">25 cm.</subfield>
  </datafield>
  <datafield tag="650" ind1=" " ind2="0">
    <subfield code="a">Biotechnology.</subfield>
  </datafield>
  <datafield tag="700" ind1="1" ind2=" ">
    <subfield code="a">Arnaud, Alain.</subfield>
  </datafield>
  <datafield tag="700" ind1="1" ind2=" ">
    <subfield code="a">Scriban, Ren&#xE9;.</subfield>
  </datafield>
  <datafield tag="942" ind1=" " ind2=" ">
    <subfield code="c">FB</subfield>
  </datafield>
  <datafield tag="999" ind1=" " ind2=" ">
    <subfield code="c">13604</subfield>
    <subfield code="d">13604</subfield>
  </datafield>
  <datafield tag="952" ind1=" " ind2=" ">
    <subfield code="0">0</subfield>
    <subfield code="1">0</subfield>
    <subfield code="4">0</subfield>
    <subfield code="6">660_000000000000000_TEC_1984_A046_OR</subfield>
    <subfield code="7">0</subfield>
    <subfield code="9">64776</subfield>
    <subfield code="a">LBA</subfield>
    <subfield code="b">LBA</subfield>
    <subfield code="c">A046</subfield>
    <subfield code="d">2017-08-29</subfield>
    <subfield code="o">660 TEC 1984 A046 Or.</subfield>
    <subfield code="p">A18926</subfield>
    <subfield code="r">2017-08-29</subfield>
    <subfield code="w">2017-08-29</subfield>
    <subfield code="y">FB</subfield>
  </datafield>
  <datafield tag="952" ind1=" " ind2=" ">
    <subfield code="0">0</subfield>
    <subfield code="1">0</subfield>
    <subfield code="4">0</subfield>
    <subfield code="6">660_000000000000000_TEC_1984_A048_OR</subfield>
    <subfield code="7">0</subfield>
    <subfield code="9">65402</subfield>
    <subfield code="a">LBA</subfield>
    <subfield code="b">LBA</subfield>
    <subfield code="c">A048</subfield>
    <subfield code="d">2017-08-31</subfield>
    <subfield code="o">660 TEC 1984 A048 Or.</subfield>
    <subfield code="p">A20367</subfield>
    <subfield code="r">2017-08-31</subfield>
    <subfield code="y">FB</subfield>
  </datafield>
  <datafield tag="952" ind1=" " ind2=" ">
    <subfield code="0">0</subfield>
    <subfield code="1">0</subfield>
    <subfield code="4">0</subfield>
    <subfield code="6">660_000000000000000_TEC_1984_A048_OR</subfield>
    <subfield code="7">0</subfield>
    <subfield code="9">65403</subfield>
    <subfield code="a">LBA</subfield>
    <subfield code="b">LBA</subfield>
    <subfield code="c">A048</subfield>
    <subfield code="d">2017-08-31</subfield>
    <subfield code="o">660 TEC 1984 A048 Or.</subfield>
    <subfield code="p">A20078</subfield>
    <subfield code="r">2017-08-31</subfield>
    <subfield code="y">FB</subfield>
  </datafield>
  <datafield tag="952" ind1=" " ind2=" ">
    <subfield code="0">0</subfield>
    <subfield code="1">0</subfield>
    <subfield code="4">0</subfield>
    <subfield code="6">660_000000000000000_TEC_1984_A048_OR</subfield>
    <subfield code="7">0</subfield>
    <subfield code="9">65404</subfield>
    <subfield code="a">LBA</subfield>
    <subfield code="b">LBA</subfield>
    <subfield code="c">A048</subfield>
    <subfield code="d">2017-08-31</subfield>
    <subfield code="o">660 TEC 1984 A048 Or.</subfield>
    <subfield code="p">A18467</subfield>
    <subfield code="r">2017-08-31</subfield>
    <subfield code="y">FB</subfield>
  </datafield>
  <datafield tag="952" ind1=" " ind2=" ">
    <subfield code="0">0</subfield>
    <subfield code="1">0</subfield>
    <subfield code="4">0</subfield>
    <subfield code="6">660_000000000000000_TEC_1984_A048_OR</subfield>
    <subfield code="7">0</subfield>
    <subfield code="9">65416</subfield>
    <subfield code="a">LBA</subfield>
    <subfield code="b">LBA</subfield>
    <subfield code="c">A048</subfield>
    <subfield code="d">2017-08-31</subfield>
    <subfield code="o">660 TEC 1984 A048 Or.</subfield>
    <subfield code="p">A20400</subfield>
    <subfield code="r">2017-08-31</subfield>
    <subfield code="y">FB</subfield>
  </datafield>
  <datafield tag="952" ind1=" " ind2=" ">
    <subfield code="0">0</subfield>
    <subfield code="1">0</subfield>
    <subfield code="4">0</subfield>
    <subfield code="6">660_000000000000000_TEC_1984_A048_OR</subfield>
    <subfield code="7">0</subfield>
    <subfield code="9">65417</subfield>
    <subfield code="a">LBA</subfield>
    <subfield code="b">LBA</subfield>
    <subfield code="c">A048</subfield>
    <subfield code="d">2017-08-31</subfield>
    <subfield code="o">660 TEC 1984 A048 Or.</subfield>
    <subfield code="p">A20153</subfield>
    <subfield code="r">2017-08-31</subfield>
    <subfield code="y">FB</subfield>
  </datafield>
  <datafield tag="952" ind1=" " ind2=" ">
    <subfield code="0">0</subfield>
    <subfield code="1">0</subfield>
    <subfield code="4">0</subfield>
    <subfield code="6">660_000000000000000_TEC_1984_A048_OR</subfield>
    <subfield code="7">0</subfield>
    <subfield code="9">65418</subfield>
    <subfield code="a">LBA</subfield>
    <subfield code="b">LBA</subfield>
    <subfield code="c">A048</subfield>
    <subfield code="d">2017-08-31</subfield>
    <subfield code="o">660 TEC 1984 A048 Or.</subfield>
    <subfield code="p">A20475</subfield>
    <subfield code="r">2017-08-31</subfield>
    <subfield code="y">FB</subfield>
  </datafield>
</record>
